Представление документа в формате MARC21

ПолеНазваниеЗначение
  Тип записи a
  Библиографический уровень m
001 Контрольный номер RU\infra-m\znanium\bibl\2226288
005 Дата корректировки 20260429142111.3
008 Кодируемые данные 250915s2025 RU g rus u
020 Индекс ISBN __
a ISBN 978-5-9729-2305-2
040 Источник каталогиз. __
a Служба первич. каталог. Общество с ограниченной ответственностью «ЗНАНИУМ»
041 Код языка издания __
a Код языка текста rus
044 Код страны публикации __
a Код страны публикации RU
080 Индекс УДК __
a Индекс УДК 650
084 Индекс другой классификации/Индекс ББК __
2 Источник индекса rubbk
a Индекс другой классификации/Индекс ББК 6529
084 Индекс другой классификации/Индекс ББК __
2 Источник индекса okso
a Индекс другой классификации/Индекс ББК 15.02.16
084 Индекс другой классификации/Индекс ББК __
2 Источник индекса okso
a Индекс другой классификации/Индекс ББК 19.02.10
084 Индекс другой классификации/Индекс ББК __
2 Источник индекса okso
a Индекс другой классификации/Индекс ББК 29.02.10
100 Автор __
a Автор Алексеев Г.В.
q Полное имя Алексеев Геннадий Валентинович
u Дополнение Национальный исследовательский университет ИТМО
245 Заглавие __
a Заглавие Техническое творчество. Инновационный менеджмент
b Продолж. заглавия Учебное пособие
c Ответственность Национальный исследовательский университет ИТМО; Санкт-Петербургский государственный университет промышленных технологий и дизайна; Санкт-Петербургский государственный университет
250 Сведения об издании __
a Основные сведения об издании 1
260 Выходные данные __
a Место издания Вологда
b Издательство Инфра-Инженерия
c Дата издания 2025
300 Физическое описание __
a Объем 124 с.
520 Аннотация __
a Аннотация Систематизированы методы решения творческих технических задач и приведены сведения о нормативных документах регламентирующих процессы защиты приоритета разработок как в нашей стране так и за рубежом. Даны вопросы для самопроверки или использования в процессе тестирования а также рекомендации по оформлению заявок на изобретение рассмотрены особенности делопроизводства по этим документам в федеральных органах исполнительной власти. Для студентов СПО обучающихся в рамках широкого спектра специальностей: «Техническое обслуживание и ремонт автомобильного транспорта» «Технология машиностроения» «Технология продукции общественного питания» «Электрификация и автоматизация сельского хозяйства» «Конструирование моделирование и технология швейных изделий» и др. Может быть полезно практическим работникам при анализе и изучении возможности создания инновационных технических решений.
521 Примеч. о цел. назн. __
a Примеч. о целев. назн. Среднее профессиональное образование
650 Тематические рубрики __
a Основная рубрика Управление (менеджмент)
x Основная подрубрика Инновационный менеджмент. Интеллектуальная организация
655 Указ. предметных рубрик (устаревшее) __
a Жанр/ форма (устаревшее) Учебное пособие
700 Другие авторы __
a Другие авторы Карпичев Е.В.
q Полное имя Карпичев Евгений Владимирович
700 Другие авторы __
a Другие авторы Тестина Я.С.
q Полное имя Тестина Яна Сергеевна
u Дополнение Санкт-Петербургский государственный университет
700 Другие авторы __
a Другие авторы Хлыновский А.М.
q Полное имя Хлыновский Алексей Михайлович
u Дополнение Санкт-Петербургский государственный университет промышленных технологий и дизайна
856 Электронный адрес документа 4_
a Имя сервера/домена znanium.ru
m Помощь ebs_support@infra-m.ru
n Местонахождение сервера НИЦ ИНФРА-М
u URL https://znanium.ru/catalog/document?id=469823
856 Электронный адрес документа 48
a Имя сервера/домена znanium.ru
d Путь /cover/2226
f Электронное имя 2226288.jpg
q Тип электронного формата image/jpeg
u URL https://znanium.ru/cover/2226/2226288.jpg
911 __
u 0030=https://znanium.ru/catalog/document?id=469823
911 __
u 712a=Санкт-Петербургский государственный университет промышленных технологий и дизайна
911 __
u 712a=Санкт-Петербургский государственный университет